00790nam a2200205Ia 4500001000600000003000500006008004100011010001100052040000900063100003700072245017100109260004100280300002000321502008200341650003100423650003500454650002800489650003700517700003000554Z_279CHAP220113s1982 xx 000 0 und d a163254 cCHAP aAlvarez Almora, Enrique Gilberto aProducción de carne y calidad del forraje consumido por ovinos en bosque de Pinus hartwegii Lindi /cpor Enrique Gilberto Alvarez Almora y Alvaro Hernández Reyna aChapingo, Méx. :bEl autor,c1982 a44 h., gráfs. aTesis (Ing. Agrónomo Esp. en Zootecnia). -- UACH. Departamento de Zootecnia aCoeficientes de agostadero aGanado de carnexProducción  aGanado lanarxPastoreo  7aPastos forrajerosxRendimiento2 aHernández Reyna, Alvaro